| 000 | 00771cam a22002651 4500 | ||
|---|---|---|---|
| 001 | 28755 | ||
| 003 | BD-RjUL | ||
| 005 | 20211209051326.0 | ||
| 008 | 140331s1952 enk 001 0 eng | ||
| 035 | _a(BD-RjUL)28837 | ||
| 035 | _a(OCoLC)9376921 | ||
| 040 |
_aDLC _cICarbS _dUk _dDLC _dBD-RjUL _beng |
||
| 041 | _aeng | ||
| 082 |
_a991 _bCOR 1952 |
||
| 100 | 1 |
_aCoast, John. _987965 |
|
| 245 | 1 | 0 |
_aRecruit to revolution : _badventure and politics in Indonesia / _cJohn Coast. |
| 260 |
_aLondon : _bChristophers, _c1952. |
||
| 300 |
_a308 p. : _billus. ; _c23 cm. |
||
| 504 | _aIncludes Index. | ||
| 650 | 0 |
_aWorld War, 1939-1945 _zIndonesia. _987966 |
|
| 651 | 0 |
_aIndonesia _xHistory. _987967 |
|
| 942 |
_2ddc _cBK |
||
| 999 |
_c28755 _d28755 |
||